[Event "46. Villa de Mislata - Open B 2012"]
[Site "Mislata ESP"]
[Date "2012.08.14"]
[Round "3.3"]
[White "Bas Mas, Miguel"]
[Black "Primo Chica, Oscar"]
[Result "1-0"]
[WhiteElo "1925"]
[BlackElo "2034"]
[PlyCount "113"]
[EventDate "2012.08.13"]
[EventType "tourn"]
[EventRounds "9"]
[EventCountry "ESP"]
[EventCategory "2"]
[Source "lmi"]
[SourceDate "2012.08.13"]

1. e4 e6 2. d4 d5 3. Nd2 Nf6 4. e5 Nfd7 5. Bd3 c5 6. c3 Nc6 7. Ne2 cxd4 8. cxd4
f6 9. exf6 Nxf6 10. Nf3 Bd6 11. O-O O-O 12. Bf4 Qc7 13. Bxd6 Qxd6 14. Ng3 e5
15. dxe5 Nxe5 16. Nxe5 Qxe5 17. Qb3 b6 18. Rfe1 Qg5 19. f3 Rf7 20. Rad1 Bb7 21.
Bf5 Kh8 22. Be6 Rc7 23. Nf5 Re8 24. Rd4 Ne4 25. Bxd5 Qxf5 26. Rdxe4 Rf8 27.
Bxb7 Rxb7 28. Re8 Rbf7 29. Qa3 a5 30. Qd6 Qc5+ 31. Qxc5 bxc5 32. Rxf8+ Rxf8 33.
Rc1 Rc8 34. Rc4 Kg8 35. a3 Kf7 36. b4 axb4 37. axb4 Ke6 38. bxc5 Kd5 39. Rc2
Rxc5 40. Rxc5+ Kxc5 41. Kf2 Kd4 42. Kg3 Ke5 43. Kg4 Kf6 44. Kf4 g6 45. Ke4 h6
46. f4 h5 47. g3 Ke6 48. h3 Kf6 49. Kf3 Kf5 50. Ke3 Ke6 51. Ke4 Kf6 52. g4 hxg4
53. hxg4 Ke7 54. Ke5 Kf7 55. Kd6 Kf6 56. g5+ Kf5 57. Ke7 1-0

[Event "46. Villa de Mislata - Open B 2012"]
[Site "Mislata ESP"]
[Date "2012.08.14"]
[Round "3.4"]
[White "Segarra Martinez, Axel"]
[Black "Mezquita Broch, Pascual"]
[Result "1-0"]
[WhiteElo "2091"]
[BlackElo "1943"]
[PlyCount "89"]
[EventDate "2012.08.13"]
[EventType "tourn"]
[EventRounds "9"]
[EventCountry "ESP"]
[EventCategory "2"]
[Source "lmi"]
[SourceDate "2012.08.13"]

1. e4 c6 2. d4 d5 3. Nc3 dxe4 4. Nxe4 Bf5 5. Ng3 Bg6 6. h4 h6 7. Nf3 Nd7 8. Bc4
e6 9. Qe2 Ngf6 10. O-O Be7 11. Bb3 O-O 12. Ne5 Nxe5 13. dxe5 Nd7 14. h5 Bh7 15.
Re1 Qc7 16. Bf4 c5 17. Ne4 Rac8 18. Qg4 Kh8 19. c4 Qc6 20. Bg3 Bxe4 21. Qxe4
Qxe4 22. Rxe4 Rfd8 23. Rd1 Nb8 24. f4 Nc6 25. Bf2 Rxd1+ 26. Bxd1 Rd8 27. Bf3
Nb4 28. g3 Nxa2 29. Re3 Nb4 30. Bxb7 Nd3 31. Be4 Nxb2 32. Ra3 Nxc4 33. Rxa7 Bf8
34. Rxf7 Nd2 35. Bb7 Kg8 36. Rc7 Nb3 37. Bc8 Re8 38. Kf1 Nd4 39. g4 Nb5 40. Rc6
Kf7 41. Bxc5 Bxc5 42. Rxc5 Nd4 43. Kf2 Re7 44. Ke3 Nb3 45. Rb5 1-0

[Event "46. Villa de Mislata - Open B 2012"]
[Site "Mislata ESP"]
[Date "2012.08.14"]
[Round "3.5"]
[White "Penades Ordaz, Victor"]
[Black "Lopez Mulet, Inigo"]
[Result "0-1"]
[WhiteElo "2091"]
[BlackElo "1960"]
[PlyCount "76"]
[EventDate "2012.08.13"]
[EventType "tourn"]
[EventRounds "9"]
[EventCountry "ESP"]
[EventCategory "2"]
[Source "lmi"]
[SourceDate "2012.08.13"]

1. e4 c5 2. Nf3 Nc6 3. d4 cxd4 4. Nxd4 g6 5. c4 Nf6 6. Nc3 Nxd4 7. Qxd4 d6 8.
Be2 Bg7 9. Be3 O-O 10. Qd2 Be6 11. Rc1 a5 12. b3 a4 13. e5 dxe5 14. Qxd8 Rfxd8
15. Nxa4 Nd7 16. Bf3 Rab8 17. g4 e4 18. Be2 Ne5 19. h3 f5 20. Nc5 Bf7 21. gxf5
gxf5 22. Rg1 Ng6 23. Bh5 e5 24. Bg5 Rd6 25. Rd1 Rxd1+ 26. Kxd1 Nf4 27. Bxf7+
Kxf7 28. Bxf4 exf4 29. Rg5 Kf6 30. h4 Rd8+ 31. Kc2 Bh6 32. Rg1 b6 33. Na4 e3
34. Rd1 e2 35. Rg1 f3 36. Nb2 Rd2+ 37. Kc3 Rxb2 38. Kxb2 Bd2 0-1

[Event "46. Villa de Mislata - Open B 2012"]
[Site "Mislata ESP"]
[Date "2012.08.14"]
[Round "3.6"]
[White "Ventura Monfort, Santiago"]
[Black "Baeza Garcia, Agustin"]
[Result "1-0"]
[WhiteElo "2066"]
[BlackElo "1939"]
[PlyCount "105"]
[EventDate "2012.08.13"]
[EventType "tourn"]
[EventRounds "9"]
[EventCountry "ESP"]
[EventCategory "2"]
[Source "lmi"]
[SourceDate "2012.08.13"]

1. f4 d5 2. Nf3 Bg4 3. e3 Nd7 4. h3 Bxf3 5. Qxf3 e5 6. Qxd5 Qh4+ 7. Kd1 O-O-O
8. Qf3 Nh6 9. g3 Qe7 10. Bg2 c6 11. Nc3 exf4 12. exf4 Nf5 13. d3 Nb6 14. Qf2 h5
15. Re1 Qd7 16. a4 Kb8 17. Bd2 g6 18. Kc1 Bg7 19. a5 Na8 20. Ne4 Nc7 21. Bc3
Bxc3 22. bxc3 Rhe8 23. Kd2 Re7 24. Reb1 Na6 25. Rb3 Nd6 26. Nxd6 Qxd6 27. Rab1
Nc5 28. Kc1 Nxb3+ 29. Rxb3 Rde8 30. Kb2 Re2 31. Qf3 R8e6 32. g4 R2e3 33. Qf1
hxg4 34. hxg4 f5 35. gxf5 gxf5 36. d4 Re1 37. Qa6 Qc7 38. Qc4 Qxa5 39. Ra3 Qb5+
40. Qxb5 cxb5 41. Rb3 a6 42. c4 Rb6 43. c5 Rbe6 44. Bh3 Rf6 45. Rg3 Rh1 46.
Rg8+ Kc7 47. Rg7+ Kc8 48. Bg2 Rh2 49. Bxb7+ Kd8 50. c6 Rxc6 51. Bxc6 Rf2 52. d5
Rxf4 53. d6 1-0

[Event "46. Villa de Mislata - Open B 2012"]
[Site "Mislata ESP"]
[Date "2012.08.14"]
[Round "3.7"]
[White "Gomez Pajares, Blas"]
[Black "Leon Colan, Carlos Edmundo"]
[Result "0-1"]
[WhiteElo "1950"]
[BlackElo "2021"]
[PlyCount "87"]
[EventDate "2012.08.13"]
[EventType "tourn"]
[EventRounds "9"]
[EventCountry "ESP"]
[EventCategory "2"]
[Source "lmi"]
[SourceDate "2012.08.13"]

1. d4 d5 2. Bg5 Nf6 3. e3 e6 4. Nf3 Be7 5. Nbd2 c6 6. Bd3 b6 7. O-O Ba6 8. Bxa6
Nxa6 9. Qe2 Nb8 10. Ne5 Nfd7 11. Bxe7 Qxe7 12. f4 O-O 13. Rf3 f6 14. Nd3 Re8
15. e4 Nf8 16. Re1 Nbd7 17. exd5 cxd5 18. c3 Qd6 19. Re3 f5 20. g4 Nf6 21. h3
g6 22. Ne5 Rac8 23. Qg2 Ne4 24. Ndf3 Rc7 25. Kh2 Rg7 26. Rg1 Ree7 27. g5 Rc7
28. Nd2 Nd7 29. h4 a5 30. Nxe4 fxe4 31. Rf1 Nb8 32. Qg3 Nc6 33. Ng4 Ne7 34. Qh3
Nf5 35. Nh6+ Nxh6 36. gxh6 Rgf7 37. Qg4 Rf5 38. Rh3 Rh5 39. Rg3 Kh8 40. Kh3 Rf7
41. Rfg1 Rff5 42. Rf1 Qe7 43. Rfg1 Rxh6 44. R1g2 0-1

[Event "46. Villa de Mislata - Open B 2012"]
[Site "Mislata ESP"]
[Date "2012.08.14"]
[Round "3.8"]
[White "Gimenez Sanchis, Francisco  Andres"]
[Black "Ortega Morales, Pedro"]
[Result "1/2-1/2"]
[WhiteElo "2020"]
[BlackElo "1906"]
[PlyCount "52"]
[EventDate "2012.08.13"]
[EventType "tourn"]
[EventRounds "9"]
[EventCountry "ESP"]
[EventCategory "2"]
[Source "lmi"]
[SourceDate "2012.08.13"]

1. e4 e5 2. Nf3 Nc6 3. Bb5 Nf6 4. O-O Nxe4 5. Re1 Nd6 6. Nxe5 Be7 7. Bxc6 dxc6
8. d4 O-O 9. Nd2 Be6 10. b3 Nf5 11. Ndf3 c5 12. Bb2 cxd4 13. Nxd4 Nxd4 14. Bxd4
c5 15. Bb2 Qxd1 16. Raxd1 Rfd8 17. Nf3 Rxd1 18. Rxd1 Rd8 19. Re1 Kf8 20. c4 a6
21. Kf1 Rd6 22. h3 f6 23. Ke2 Bf5 24. Rd1 Rxd1 25. Kxd1 Kf7 26. Ke2 g5 1/2-1/2

[Event "46. Villa de Mislata - Open B 2012"]
[Site "Mislata ESP"]
[Date "2012.08.14"]
[Round "3.9"]
[White "Monmeneu Chulia, Vicente Juan"]
[Black "Nieves Cabanes, Jose Manuel"]
[Result "1/2-1/2"]
[WhiteElo "1998"]
[BlackElo "1872"]
[PlyCount "65"]
[EventDate "2012.08.13"]
[EventType "tourn"]
[EventRounds "9"]
[EventCountry "ESP"]
[EventCategory "2"]
[Source "lmi"]
[SourceDate "2012.08.13"]

1. d4 d5 2. c4 c6 3. Nf3 Nf6 4. e3 e6 5. Nbd2 Nbd7 6. Bd3 Bd6 7. O-O O-O 8. e4
dxe4 9. Nxe4 Nxe4 10. Bxe4 h6 11. Bc2 Re8 12. Qd3 Nf8 13. Re1 b6 14. b3 Bb7 15.
Bb2 Qc7 16. c5 Be7 17. b4 Rad8 18. Qe3 Ba6 19. Qc3 Bf6 20. Rad1 Nd7 21. Bb1 Nf8
22. Qc2 Rc8 23. Ne5 Red8 24. f4 Rd5 25. Qc3 Rcd8 26. g3 Re8 27. Ng4 Nd7 28. Qc2
g6 29. Nxh6+ Kh7 30. Ng4 Bg7 31. h4 Nf8 32. Ne5 Bxe5 33. Rxe5 1/2-1/2

[Event "46. Villa de Mislata - Open B 2012"]
[Site "Mislata ESP"]
[Date "2012.08.14"]
[Round "3.10"]
[White "Perez Garcia, Jose Miguel"]
[Black "Guillem Mora, Carlos"]
[Result "1/2-1/2"]
[WhiteElo "1967"]
[BlackElo "1804"]
[PlyCount "78"]
[EventDate "2012.08.13"]
[EventType "tourn"]
[EventRounds "9"]
[EventCountry "ESP"]
[EventCategory "2"]
[Source "lmi"]
[SourceDate "2012.08.13"]

1. e4 c5 2. Nf3 g6 3. d4 cxd4 4. Nxd4 Bg7 5. c4 Nc6 6. Be3 Nf6 7. Nc3 Ng4 8.
Qxg4 Nxd4 9. Qd1 Nc6 10. Qd2 h5 11. Be2 d6 12. O-O Be6 13. Rac1 Rc8 14. f3 Qa5
15. Rfd1 O-O 16. b3 a6 17. Nd5 Qxd2 18. Rxd2 Bxd5 19. cxd5 Nd4 20. Rxc8 Nxe2+
21. Kf2 Rxc8 22. Kxe2 Kf8 23. Kd1 Ke8 24. Rc2 Rxc2 25. Kxc2 Kd7 26. Kd3 e6 27.
g4 Bf6 28. h3 Bd8 29. a4 Ba5 30. Kc4 Kc7 31. b4 Bb6 32. Bd2 Bf2 33. b5 Kb6 34.
a5+ Kc7 35. Bb4 Bg3 36. Bc3 Bf2 37. bxa6 bxa6 38. Bd4 Be1 39. Bc3 Bg3 1/2-1/2

[Event "46. Villa de Mislata - Open B 2012"]
[Site "Mislata ESP"]
[Date "2012.08.15"]
[Round "4.1"]
[White "Echeverria, Nestor"]
[Black "Bas Mas, Miguel"]
[Result "0-1"]
[WhiteElo "2014"]
[BlackElo "1925"]
[PlyCount "56"]
[EventDate "2012.08.13"]
[EventType "tourn"]
[EventRounds "9"]
[EventCountry "ESP"]
[EventCategory "2"]
[Source "lmi"]
[SourceDate "2012.08.13"]

1. d4 Nf6 2. Nf3 g6 3. Bf4 d5 4. e3 Bg7 5. Be2 O-O 6. Nc3 c6 7. Ne5 Nfd7 8. Qd2
Nxe5 9. Bxe5 Bxe5 10. dxe5 Nd7 11. e6 fxe6 12. h4 Rf6 13. h5 Qf8 14. hxg6 hxg6
15. e4 Rxf2 16. Qg5 Qf6 17. Qg3 Rf4 18. O-O-O Ne5 19. exd5 exd5 20. Rxd5 Be6
21. Rxe5 Qxe5 22. Qxg6+ Kf8 23. Qh6+ Ke8 24. Rd1 Rd8 25. Bh5+ Bf7 26. Rxd8+
Kxd8 27. Bf3 Qe3+ 28. Kb1 Rxf3 0-1

[Event "46. Villa de Mislata - Open B 2012"]
[Site "Mislata ESP"]
[Date "2012.08.15"]
[Round "4.2"]
[White "Leon Colan, Carlos Edmundo"]
[Black "Segarra Martinez, Axel"]
[Result "1-0"]
[WhiteElo "2021"]
[BlackElo "2091"]
[PlyCount "67"]
[EventDate "2012.08.13"]
[EventType "tourn"]
[EventRounds "9"]
[EventCountry "ESP"]
[EventCategory "2"]
[Source "lmi"]
[SourceDate "2012.08.13"]

1. d4 Nf6 2. c4 c5 3. e3 cxd4 4. exd4 d5 5. Nc3 e6 6. a3 Be7 7. Nf3 O-O 8. c5
a5 9. Bf4 Nh5 10. Bxb8 Rxb8 11. b4 axb4 12. axb4 Nf6 13. Bd3 b6 14. O-O Bb7 15.
Re1 Nd7 16. Bb5 bxc5 17. bxc5 Qc7 18. Bxd7 Qxd7 19. Ne5 Qc8 20. Ra7 f6 21. Nd3
e5 22. Nxd5 Bxd5 23. Rxe7 exd4 24. h3 Qf5 25. Qd2 Bc4 26. Nb2 Qxc5 27. Nxc4
Qxc4 28. Rd7 Rfd8 29. Ree7 Rxd7 30. Rxd7 Rb1+ 31. Kh2 Rb4 32. Qe1 Qc8 33. Qe6+
Kh8 34. Qe7 1-0

[Event "46. Villa de Mislata - Open B 2012"]
[Site "Mislata ESP"]
[Date "2012.08.15"]
[Round "4.3"]
[White "Romero Calduch, Sergio"]
[Black "Ventura Monfort, Santiago"]
[Result "1-0"]
[WhiteElo "1972"]
[BlackElo "2066"]
[PlyCount "51"]
[EventDate "2012.08.13"]
[EventType "tourn"]
[EventRounds "9"]
[EventCountry "ESP"]
[EventCategory "2"]
[Source "lmi"]
[SourceDate "2012.08.13"]

1. d4 Nf6 2. c4 g6 3. Nc3 Bg7 4. e4 d6 5. f4 O-O 6. Nf3 c5 7. d5 e6 8. Be2 exd5
9. cxd5 Re8 10. e5 dxe5 11. fxe5 Ng4 12. Bg5 Qb6 13. O-O Nxe5 14. Nxe5 Bxe5 15.
Bc4 Bd7 16. d6 Be6 17. Nd5 Bd4+ 18. Kh1 Qxb2 19. Rb1 Qa3 20. Ne7+ Rxe7 21. dxe7
Nd7 22. Bxe6 fxe6 23. Rxb7 Ne5 24. Bh6 Nf7 25. e8=Q+ Rxe8 26. Rbxf7 1-0

[Event "46. Villa de Mislata - Open B 2012"]
[Site "Mislata ESP"]
[Date "2012.08.15"]
[Round "4.4"]
[White "Lopez Mulet, Inigo"]
[Black "Gomez Benitez, David"]
[Result "1/2-1/2"]
[WhiteElo "1960"]
[BlackElo "2062"]
[PlyCount "42"]
[EventDate "2012.08.13"]
[EventType "tourn"]
[EventRounds "9"]
[EventCountry "ESP"]
[EventCategory "2"]
[Source "lmi"]
[SourceDate "2012.08.13"]

1. d4 d5 2. c4 c6 3. Nf3 e6 4. g3 f5 5. Bg2 Nf6 6. O-O Bd6 7. Nbd2 O-O 8. a3 a5
9. b3 b6 10. Qc2 Ne4 11. Ne1 Qf6 12. Bb2 Qh6 13. Rd1 Bb7 14. Nd3 Nd7 15. Nf3
Rac8 16. Nfe5 Nxe5 17. dxe5 Be7 18. f3 Nc5 19. Bc1 g5 20. Be3 f4 21. Nxc5 bxc5
1/2-1/2

[Event "46. Villa de Mislata - Open B 2012"]
[Site "Mislata ESP"]
[Date "2012.08.15"]
[Round "4.6"]
[White "Cebolla Moll, Ricardo"]
[Black "Coves Tomas, Bernardo"]
[Result "1/2-1/2"]
[WhiteElo "2038"]
[BlackElo "1827"]
[PlyCount "42"]
[EventDate "2012.08.13"]
[EventType "tourn"]
[EventRounds "9"]
[EventCountry "ESP"]
[EventCategory "2"]
[Source "lmi"]
[SourceDate "2012.08.13"]

1. f4 Nf6 2. Nf3 e6 3. e3 d5 4. b3 c5 5. Bb2 Nc6 6. Bb5 Bd7 7. O-O a6 8. Bxc6
Bxc6 9. Ne5 d4 10. Nxc6 bxc6 11. Qf3 Qd6 12. e4 Qd7 13. Na3 Be7 14. Nc4 Rd8 15.
a4 O-O 16. d3 Qc7 17. Qh3 Nd7 18. a5 f5 19. e5 Rf7 20. Rae1 Nf8 21. Qf3 g6
1/2-1/2

[Event "46. Villa de Mislata - Open B 2012"]
[Site "Mislata ESP"]
[Date "2012.08.15"]
[Round "4.7"]
[White "Diaz Benitez, Ricardo"]
[Black "Alba Zaragoza, Vicente"]
[Result "1/2-1/2"]
[WhiteElo "2020"]
[BlackElo "1825"]
[PlyCount "121"]
[EventDate "2012.08.13"]
[EventType "tourn"]
[EventRounds "9"]
[EventCountry "ESP"]
[EventCategory "2"]
[Source "lmi"]
[SourceDate "2012.08.13"]

1. d4 Nf6 2. Bf4 e6 3. e3 d5 4. Nd2 c5 5. c3 Nc6 6. Ngf3 a6 7. a4 Nh5 8. Bg5
Be7 9. Bxe7 Qxe7 10. Ne5 Nf6 11. f4 Rb8 12. Bd3 cxd4 13. exd4 Bd7 14. O-O Nd8
15. Qe2 b5 16. Nxd7 Qxd7 17. axb5 axb5 18. b4 O-O 19. Nb3 Qc6 20. Nc5 Ne4 21.
Bxe4 dxe4 22. Qxe4 Qxe4 23. Nxe4 Nc6 24. f5 e5 25. Ra6 Rfc8 26. d5 Ne7 27. d6
Nd5 28. d7 Rd8 29. Ra7 Kf8 30. Kf2 Ke7 31. Rd1 Nb6 32. Nc5 Nc4 33. g4 Rb6 34.
Rc7 Nd6 35. Ke3 h6 36. h4 h5 37. f6+ Kxf6 38. Ne4+ Nxe4 39. Rc8 Ke7 40. Rxd8
Kxd8 41. Kxe4 hxg4 42. Kxe5 Rb7 43. Kf4 Rxd7 44. Rxd7+ Kxd7 45. Kxg4 Kd6 46.
Kf4 Kd5 47. Ke3 Kc4 48. Kd2 f5 49. h5 f4 50. Ke2 Kxc3 51. Kf3 Kxb4 52. Kxf4 Kc4
53. Kg5 b4 54. Kg6 b3 55. Kxg7 b2 56. h6 b1=Q 57. h7 Qb7+ 58. Kg8 Qc8+ 59. Kg7
Qd7+ 60. Kg8 Qe8+ 61. Kg7 1/2-1/2

[Event "46. Villa de Mislata - Open B 2012"]
[Site "Mislata ESP"]
[Date "2012.08.15"]
[Round "4.8"]
[White "Palacios Herrero, Pablo"]
[Black "Gimenez Sanchis, Francisco  Andres"]
[Result "1-0"]
[WhiteElo "1926"]
[BlackElo "2020"]
[PlyCount "67"]
[EventDate "2012.08.13"]
[EventType "tourn"]
[EventRounds "9"]
[EventCountry "ESP"]
[EventCategory "2"]
[Source "lmi"]
[SourceDate "2012.08.13"]

1. e4 e6 2. d4 d5 3. e5 c5 4. c3 Qb6 5. Nf3 Bd7 6. Be2 Nc6 7. a3 cxd4 8. cxd4
Nge7 9. b4 Ng6 10. O-O Be7 11. Bb2 Nf4 12. Nbd2 O-O 13. Nb3 Nxe2+ 14. Qxe2 Nb8
15. Rfc1 Na6 16. Rc3 Rac8 17. Rac1 Rxc3 18. Rxc3 Bb5 19. Qc2 Ba4 20. Nfd2 Bg5
21. Rh3 h6 22. Nf3 Nxb4 23. axb4 Qxb4 24. Ba3 Qc4 25. Qxc4 dxc4 26. Bxf8 Kxf8
27. Nxg5 cxb3 28. Ne4 b2 29. Nd2 Bc2 30. Rc3 b1=Q+ 31. Nxb1 Bxb1 32. Rc8+ Ke7
33. Rc7+ Ke8 34. Rxb7 1-0

[Event "46. Villa de Mislata - Open B 2012"]
[Site "Mislata ESP"]
[Date "2012.08.15"]
[Round "4.9"]
[White "Llamazares Lopez, Marcos"]
[Black "Soria Martinez, Sergio"]
[Result "1-0"]
[WhiteElo "2002"]
[BlackElo "1698"]
[PlyCount "120"]
[EventDate "2012.08.13"]
[EventType "tourn"]
[EventRounds "9"]
[EventCountry "ESP"]
[EventCategory "2"]
[Source "lmi"]
[SourceDate "2012.08.13"]

1. Nf3 Nf6 2. c4 c6 3. d4 d5 4. e3 Bf5 5. Nc3 e6 6. Be2 Bd6 7. Nh4 Bg6 8. Qb3
Qc7 9. h3 Nbd7 10. Nxg6 hxg6 11. cxd5 exd5 12. Bd2 Nb6 13. Rc1 a6 14. a4 O-O
15. a5 Nbd7 16. Bf3 Qxa5 17. Nxd5 Qb5 18. Qxb5 axb5 19. Nb4 Nb6 20. Nd3 Nc4 21.
Bc3 Ra2 22. O-O Rfa8 23. e4 Be7 24. d5 cxd5 25. exd5 Bd6 26. Rcd1 Rd8 27. Nc1
Raa8 28. g4 b4 29. Bd4 Bf4 30. Bxf6 gxf6 31. Rd4 Bxc1 32. Rxc1 Nxb2 33. Rc7 Ra3
34. Bg2 Nd3 35. Rxb7 Ra1+ 36. Bf1 Ne5 37. Kg2 Rb1 38. Be2 Rb2 39. Bf3 b3 40.
Bd1 Rd6 41. Rxb3 Ra2 42. Kg3 g5 43. Bf3 Ng6 44. Be4 Nf4 45. Rc4 Kg7 46. Rc6 Rd8
47. d6 Rd2 48. Rbb6 Rh8 49. Bg2 Ne2+ 50. Kf3 Nd4+ 51. Ke3 Nxc6 52. Kxd2 Ne5 53.
Ra6 Rd8 54. Kc3 Ng6 55. Be4 Nf4 56. Bf5 Ng6 57. Kd4 Ne5 58. Ra7 Rb8 59. Rc7
Rb4+ 60. Kc5 Rb8 1-0

[Event "46. Villa de Mislata - Open B 2012"]
[Site "Mislata ESP"]
[Date "2012.08.15"]
[Round "4.10"]
[White "Ortega Morales, Pedro"]
[Black "Monmeneu Chulia, Vicente Juan"]
[Result "0-1"]
[WhiteElo "1906"]
[BlackElo "1998"]
[PlyCount "62"]
[EventDate "2012.08.13"]
[EventType "tourn"]
[EventRounds "9"]
[EventCountry "ESP"]
[EventCategory "2"]
[Source "lmi"]
[SourceDate "2012.08.13"]

1. d4 Nf6 2. Nf3 g6 3. Bf4 Bg7 4. e3 d6 5. Be2 O-O 6. h3 b6 7. O-O c5 8. c3 Ba6
9. a4 Qc8 10. Bb5 Bb7 11. Nbd2 Nbd7 12. Bh2 a6 13. Be2 Ra7 14. Ne1 e5 15. Nc4
Ne8 16. Rc1 Qc7 17. b4 Ra8 18. Nb2 Rc8 19. Nc2 Kh8 20. f4 f5 21. Bf3 Bxf3 22.
Qxf3 exd4 23. cxd4 Ndf6 24. Qe2 Ne4 25. Ne1 Qb7 26. bxc5 bxc5 27. Nf3 d5 28.
Nd3 c4 29. Nde5 Bxe5 30. fxe5 Rc6 31. Nd2 Qb2 0-1

[Event "46. Villa de Mislata - Open B 2012"]
[Site "Mislata ESP"]
[Date "2012.08.16"]
[Round "5.1"]
[White "Bas Mas, Miguel"]
[Black "Leon Colan, Carlos Edmundo"]
[Result "1-0"]
[WhiteElo "1925"]
[BlackElo "2021"]
[PlyCount "97"]
[EventDate "2012.08.13"]
[EventType "tourn"]
[EventRounds "9"]
[EventCountry "ESP"]
[EventCategory "2"]
[Source "lmi"]
[SourceDate "2012.08.13"]

1. e4 e6 2. d4 d5 3. Nd2 a6 4. e5 c5 5. c3 b5 6. Bd3 Nc6 7. Ne2 Qb6 8. Nf3 a5
9. O-O Bd7 10. Be3 c4 11. Bc2 h6 12. Nd2 g6 13. Nf4 Nge7 14. h4 a4 15. h5 g5
16. Ne2 Nf5 17. Bxf5 exf5 18. f4 g4 19. a3 Be6 20. Qc2 Qb7 21. Ng3 Qd7 22. Rfe1
Be7 23. Ndf1 Bh4 24. Bf2 Ne7 25. Nh1 Bxf2+ 26. Qxf2 O-O-O 27. Nhg3 Kb8 28. Ne3
Kb7 29. Rf1 Kc6 30. Nxg4 Ng8 31. Rfe1 Rh7 32. Nf6 Nxf6 33. exf6 Rg8 34. Re5 Qd8
35. Nxf5 Qxf6 36. Ne3 Rhg7 37. f5 Bd7 38. Qf3 Kb7 39. Re1 Bc6 40. Re2 Qh4 41.
Nxd5 Rg3 42. Re7+ Ka8 43. Qf4 Qxf4 44. Nxf4 R8g4 45. d5 Bb7 46. Rf2 f6 47. d6
Rxf4 48. Rxf4 Rxg2+ 49. Kf1 1-0

[Event "46. Villa de Mislata - Open B 2012"]
[Site "Mislata ESP"]
[Date "2012.08.16"]
[Round "5.2"]
[White "Romero Calduch, Sergio"]
[Black "Echeverria, Nestor"]
[Result "1/2-1/2"]
[WhiteElo "1972"]
[BlackElo "2014"]
[PlyCount "50"]
[EventDate "2012.08.13"]
[EventType "tourn"]
[EventRounds "9"]
[EventCountry "ESP"]
[EventCategory "2"]
[Source "lmi"]
[SourceDate "2012.08.13"]

1. d4 Nf6 2. c4 c5 3. d5 b5 4. cxb5 a6 5. bxa6 g6 6. Nc3 Bxa6 7. e4 Bxf1 8.
Kxf1 d6 9. g3 Bg7 10. Kg2 Nbd7 11. Nf3 O-O 12. h3 Qa5 13. Re1 Rfd8 14. e5 dxe5
15. Nxe5 Nxe5 16. Rxe5 Ra7 17. Re2 Ne8 18. Bf4 Rb7 19. Qd2 Rxb2 20. Qxb2 Bxc3
21. Qc1 Bxa1 22. Qxa1 Qa8 23. Qe5 Qa7 24. Be3 Nf6 25. Bxc5 Nd7 1/2-1/2

[Event "46. Villa de Mislata - Open B 2012"]
[Site "Mislata ESP"]
[Date "2012.08.16"]
[Round "5.3"]
[White "Gomez Benitez, David"]
[Black "Guillem Mora, Carlos"]
[Result "1-0"]
[WhiteElo "2062"]
[BlackElo "1804"]
[PlyCount "49"]
[EventDate "2012.08.13"]
[EventType "tourn"]
[EventRounds "9"]
[EventCountry "ESP"]
[EventCategory "2"]
[Source "lmi"]
[SourceDate "2012.08.13"]

1. e4 c5 2. Nc3 g6 3. f4 Bg7 4. Nf3 d6 5. Bc4 Nc6 6. d3 Nf6 7. O-O O-O 8. Kh1
Bd7 9. Qe1 e6 10. f5 exf5 11. Qh4 Ng4 12. Bg5 Bf6 13. h3 Bxg5 14. Nxg5 h6 15.
hxg4 hxg5 16. Qh6 f4 17. Qxg6+ Kh8 18. Qh6+ Kg8 19. Nd5 Ne5 20. Nf6+ Qxf6 21.
Qxf6 Kh7 22. Qxd6 Rae8 23. Qxc5 Kg6 24. Qd6+ f6 25. d4 1-0

[Event "46. Villa de Mislata - Open B 2012"]
[Site "Mislata ESP"]
[Date "2012.08.16"]
[Round "5.4"]
[White "Lopez Mulet, Inigo"]
[Black "Cortes Marti, Javier"]
[Result "1-0"]
[WhiteElo "1960"]
[BlackElo "2045"]
[PlyCount "81"]
[EventDate "2012.08.13"]
[EventType "tourn"]
[EventRounds "9"]
[EventCountry "ESP"]
[EventCategory "2"]
[Source "lmi"]
[SourceDate "2012.08.13"]

1. d4 d5 2. c4 c6 3. Nf3 Nf6 4. Nc3 e6 5. g3 Be7 6. Bg2 b6 7. O-O O-O 8. Qc2
Bb7 9. Rd1 Nbd7 10. e4 dxe4 11. Nxe4 Rc8 12. Nxf6+ Nxf6 13. c5 Nd5 14. Rb1 bxc5
15. dxc5 Bf6 16. Bf4 Qe8 17. Bd6 Be7 18. Bxe7 Qxe7 19. b4 Qf6 20. Rb3 Rfd8 21.
Nd2 Rb8 22. Ne4 Qg6 23. Qe2 Ba8 24. a4 Rdc8 25. Nd6 Rc7 26. Rd4 Qf6 27. Qd3 g6
28. h4 a5 29. Bxd5 cxd5 30. bxa5 Rxb3 31. Qxb3 Qxd4 32. Qb8+ Kg7 33. Qxc7 Qd1+
34. Kh2 d4 35. Qxf7+ Kh6 36. Qf4+ Kg7 37. Qe5+ Kg8 38. Qxe6+ Kg7 39. Qf7+ Kh6
40. Nf5+ Kh5 41. Qxh7+ 1-0

[Event "46. Villa de Mislata - Open B 2012"]
[Site "Mislata ESP"]
[Date "2012.08.16"]
[Round "5.5"]
[White "Segarra Martinez, Axel"]
[Black "Palacios Herrero, Pablo"]
[Result "1/2-1/2"]
[WhiteElo "2091"]
[BlackElo "1926"]
[PlyCount "101"]
[EventDate "2012.08.13"]
[EventType "tourn"]
[EventRounds "9"]
[EventCountry "ESP"]
[EventCategory "2"]
[Source "lmi"]
[SourceDate "2012.08.13"]

1. e4 e6 2. d4 d5 3. Nd2 Nf6 4. e5 Nfd7 5. c3 c5 6. Bd3 Nc6 7. Ne2 cxd4 8. cxd4
f6 9. exf6 Nxf6 10. Nf3 Bd6 11. O-O O-O 12. Bg5 Bd7 13. Rc1 Qe8 14. Ng3 e5 15.
dxe5 Nxe5 16. Re1 Bg4 17. Be2 Bxf3 18. Bxf3 Nxf3+ 19. Qxf3 Ne4 20. Qd3 Bxg3 21.
fxg3 Qf7 22. Bf4 Rac8 23. Rxc8 Rxc8 24. Rd1 Nf6 25. g4 Nxg4 26. Qxd5 Qxd5 27.
Rxd5 Nf6 28. Rb5 b6 29. h3 Kf7 30. Be3 Rc4 31. Kf2 Ke6 32. Kf3 Nd5 33. Bf2 g5
34. Rb3 Ra4 35. a3 h5 36. Rd3 Rg4 37. Ke2 h4 38. Rd1 Rc4 39. Bd4 Rc2+ 40. Kf3
Nf4 41. Re1+ Kd5 42. Bf6 Rxg2 43. Re5+ Kd6 44. Rxg5 Rxg5 45. Bxg5 Nxh3 46. Bxh4
Kd5 47. Bf6 Kc4 48. Kg3 Ng1 49. Kf2 Nh3+ 50. Kg3 Ng1 51. Kf2 1/2-1/2

[Event "46. Villa de Mislata - Open B 2012"]
[Site "Mislata ESP"]
[Date "2012.08.16"]
[Round "5.6"]
[White "Bellosta Lopez, Pablo"]
[Black "Nieves Cabanes, Jose Manuel"]
[Result "0-1"]
[WhiteElo "2066"]
[BlackElo "1872"]
[PlyCount "104"]
[EventDate "2012.08.13"]
[EventType "tourn"]
[EventRounds "9"]
[EventCountry "ESP"]
[EventCategory "2"]
[Source "lmi"]
[SourceDate "2012.08.13"]

1. e4 c5 2. Nf3 Nc6 3. Bb5 d6 4. Bxc6+ bxc6 5. O-O g6 6. c3 Bg7 7. d4 cxd4 8.
cxd4 Bg4 9. Nbd2 Bxd4 10. Qa4 Bg7 11. Qxc6+ Bd7 12. Qb7 Nf6 13. e5 dxe5 14.
Nxe5 O-O 15. Nxd7 Nxd7 16. Nf3 Nc5 17. Qb5 Ne6 18. Be3 Qb8 19. Qa6 Rc8 20. Rac1
Nc7 21. Qe2 Nd5 22. Bd4 Bxd4 23. Nxd4 Qb4 24. Qe5 Qb7 25. b3 Rc7 26. Rcd1 Nb4
27. Rd2 Rac8 28. Rfd1 Rc1 29. a3 Nc6 30. Qe4 Rxd1+ 31. Rxd1 Qd7 32. h3 Rd8 33.
Qxc6 Qxc6 34. Nxc6 Rxd1+ 35. Kh2 Rd3 36. Nxe7+ Kg7 37. Nc6 Rxb3 38. Nxa7 Rxa3
39. Nc6 Kf6 40. Nd4 h5 41. Nf3 Rxf3 42. gxf3 h4 43. Kg2 Kf5 44. Kf1 Kf4 45. Kg2
f6 46. Kg1 Kxf3 47. Kf1 f5 48. Kg1 f4 49. Kf1 g5 50. Kg1 Ke2 51. Kg2 f3+ 52.
Kh1 Kxf2 0-1